MDQL
is popping MORE tags! Check the
thread
!
Quizzes
Events
Quiz Creation
Community
Videos
Private Events
Remove Ads
Sign In
Join for FREE
Feedback
Dark Mode
Quiz Categories
Sports
Geography
Music
Movies
Television
Just For Fun
Miscellaneous
History
Literature
Language
Science
Gaming
Entertainment
Religion
Holiday
For Kids
Quiz Lab
Recent
Popular Today
Quiz Kudos Today
Editor Picks
Curator Picks
Quizzes by...
Day
Popularity
Type
Ratings
Length
Year
Community
Subscriptions
Recent Discussions
Orange Saloon
Badges
Playlists
Quests
Create
Leaderboards
Showdown
Live 5
Trivia Bingo
Activity
Puzzle Library
Sporcle Events
Private Events
Virtual Trivia
Globe League
Become a Host
Pub Owners
SporcleCon
Opinionation
Our Games
Videos
Blog
Mobile Apps
Partnerships
Remove Ads and Go Orange
Feedback
Sports
Athletes
MLB
NBA
NHL
NFL
Soccer
Sports Teams
WWE
NCAA
Football
Premier League
Basketball
Baseball
Hockey
Golf
Tennis
Cricket
Rugby
Auto Racing
Olympics
World Cup
Sports
Athletes
MLB
NBA
NHL
NFL
Soccer
Sports Teams
WWE
NCAA
Football
Premier League
Basketball
Baseball
Hockey
Golf
Tennis
Cricket
Rugby
Auto Racing
Olympics
World Cup
Random Quiz
Search Sporcle
×
Quiz Lab
Quiz Lab
Sports
World
Type in answers that appear in a list
Type in answers that appear in a list
Classic
Best Score? Go Orange.
IIHF World U20 Championship Medalists Stats
Can you name the IIHF World U20 Championship Medalists?
By
MrMarkLarsen
13m
108 Questions
75 Plays
75 Plays
75 Plays
Comments
Comments
Give Quiz Kudos
Give Quiz Kudos
-
- Ratings
hide this ad
Forced Order
Answers have to be entered in order
Answers have to be entered in order
Replay
Link that replays current quiz
Next Quiz
Link to next quiz in quiz playlist
You Got
0%
They Got
Avg Score
75%
Avg Friend Score
Upgrade to see
Score Distribution
Jump to the score distribution portion of the page
Score
0/108
Timer
13:00
0
Plays Today
Year
Country
% Correct
1977
Soviet Union
93.3%
1977
Canada
88%
1978
Soviet Union
85.3%
1977
Czechoslovakia
82.7%
2011
Russia
82.7%
1978
Sweden
81.3%
1978
Canada
81.3%
1979
Soviet Union
81.3%
1980
Soviet Union
81.3%
2009
Canada
81.3%
2011
Canada
81.3%
2005
Canada
80%
2006
Canada
80%
2007
Canada
80%
2008
Canada
80%
2010
United States
80%
1981
Sweden
78.7%
1983
Soviet Union
78.7%
2002
Russia
78.7%
2003
Russia
78.7%
2004
United States
78.7%
2009
Russia
78.7%
1979
Czechoslovakia
77.3%
1981
Soviet Union
77.3%
1982
Canada
77.3%
1984
Soviet Union
77.3%
2000
Czech Republic
77.3%
2001
Czech Republic
77.3%
2002
Canada
77.3%
2003
Canada
77.3%
2004
Canada
77.3%
2009
Sweden
77.3%
2010
Canada
77.3%
2012
Sweden
76.6%
1986
Soviet Union
76%
1989
Soviet Union
76%
Year
Country
% Correct
1992
Soviet Union
76%
2001
Finland
76%
2001
Canada
76%
2002
Finland
76%
2003
Finland
76%
2004
Finland
76%
2005
Russia
76%
2006
Russia
76%
2007
Russia
76%
2007
United States
76%
2008
Russia
76%
2010
Sweden
76%
2011
United States
76%
2012
Russia
75%
1979
Sweden
74.7%
1981
Finland
74.7%
1985
Canada
74.7%
1988
Canada
74.7%
1988
Soviet Union
74.7%
1990
Canada
74.7%
1990
Soviet Union
74.7%
1991
Canada
74.7%
1991
Soviet Union
74.7%
1993
Canada
74.7%
1994
Canada
74.7%
1995
Canada
74.7%
1996
Canada
74.7%
1997
Canada
74.7%
1998
Finland
74.7%
1998
Russia
74.7%
2000
Canada
74.7%
2008
Sweden
74.7%
2012
Canada
73.4%
1980
Sweden
73.3%
1982
Czechoslovakia
73.3%
1986
Canada
73.3%
Year
Country
% Correct
1986
United States
73.3%
1987
Finland
73.3%
1989
Czechoslovakia
73.3%
1990
Czechoslovakia
73.3%
1991
Czechoslovakia
73.3%
1993
Czechoslovakia
73.3%
1995
Russia
73.3%
1996
Russia
73.3%
1997
United States
73.3%
1997
Russia
73.3%
2000
Russia
73.3%
2005
Czech Republic
73.3%
2006
Finland
73.3%
1980
Finland
72%
1983
Canada
72%
1985
Soviet Union
72%
1988
Finland
72%
1989
Sweden
72%
1992
United States
72%
1992
Sweden
72%
1993
Sweden
72%
1994
Sweden
72%
1994
Russia
72%
1995
Sweden
72%
1996
Sweden
72%
1999
Russia
72%
1999
Canada
72%
1982
Finland
70.7%
1983
Czechoslovakia
70.7%
1984
Czechoslovakia
70.7%
1985
Czechoslovakia
70.7%
1987
Czechoslovakia
70.7%
1987
Sweden
70.7%
1984
Finland
69.3%
1999
Slovakia
66.7%
1998
Switzerland
60%
Quiz Playlist
Details
Report
Send in Message
Add To Playlist
Classic:
Type in answers that appear in a list
Forced Order:
Answers have to be entered in order
Last Updated: Feb 16, 2017
Quiz Scoreboard
CHALLENGE
Sign Up to Join the Scoreboard
Show All
Scores
Hide
Comments
May contain spoilers
Recently Published
Colored Red Africa Blitz
by spor1
Geography
30s
Find the 'City' Movie
by crazypaving
Movies
60s
5x2 Blitz: Bands
by SL_Kpop136
Music
30s
More to Explore
Quiz From the Vault
Featured Blog Post
14 Easter Pick-up Lines to Find Eggs With
hide this ad
You Might Also Like...
Tags
Country Quiz
World Quiz
Championship
iihf
Medal
Medalist
Today's Top Quizzes in Sports
Browse Sports
hide this ad
Today's Top Quizzes in World
Browse World
Top Contributed Quizzes in Sports
1
Les entraîneurs de l'OM et du PSG au 21e siècle
2
Les meilleurs buteurs des matchs entre le PSG et l’OM
3
Les joueurs passés par le PSG et l'OM
4
Players with Multiple 50 Home Run Seasons
5
2022 World Cup Stars
6
Criteria MLB: Left Handed Sluggers
7
NBA Logic Puzzle 2.0
8
MLB Players with Two .350 Batting Average Seasons
9
Top 10 NHL Goal Scorers of All Time
10
Les joueurs passés par le LOSC et le RC Lens
Explore More
Trending Topics
Kpop
Anime
Harry Potter
Disney
Marvel
NBA
Crossword
The Office
WWE
Pokémon
Soccer
Puzzle
Country
Song
NFL
hide this ad
More By:
MrMarkLarsen
Quiz
Plays
Rating
Category
Featured
Created
'Full Metal Jacket' Opening Speech
1,370
5.00
Movies
Aug 22, 2011
'The Simpsons' Episodes (Season 1-9)
708
5.00
Television
Oct 20, 2011
Combo Lock: Artists by Albums
478
4.67
Music
Nov 2, 2011
Top 10 NHL scorers by country
458
4.00
Sports
Oct 20, 2011
NHL Hart Memorial Trophy Nominees ('90-'11)
315
4.57
Sports
Feb 14, 2012
Go to Creator's Profile
Score Distribution
Quiz Creator Spotlight
MrMarkLarsen
Follow
Send a Message
Quizzes Created
-
Created Quiz Play Count
-
More By This Creator
Popular Quizzes Today
1
Colored Red Africa Blitz
2
Find the 'City' Movie
3
5x2 Blitz: Bands
4
Find the US States - No Outlines Minefield
5
The Countries of the World
6
Find the US States
7
US States
8
Find the Countries of Europe - No Outlines Minefield
More Sports Quizzes
Aqib Talib Interceptions
Curator's Pick
Trending Quizzes
Colored Red Europe Blitz I
Colored Red Europe Blitz II
Colored Red Africa Blitz II
Colored Red Europe Blitz III
Colored Red Africa Blitz III
Recently Updated
How Do You Spell That?
pecheneg
Godzilla Movies
pecheneg
Grab Bag: 4-10 Letters
pecheneg
2024 March Madness Bracket
pecheneg
Famous TV Couples
Peacemaker
Champions League XIs: Real Madrid
pecheneg
Largest US Cities 1790-2010
pecheneg
Rides in Walt Disney World
pecheneg
Most Oscar Losses (Acting)
pecheneg
Beyoncé Albums
pecheneg
Trending Topics
Marvel
NBA
Crossword
Anime
Kpop
Harry Potter
Disney
The Office
Country
Soccer
Pokémon
NFL
Song
Puzzle
WWE
Your Account Isn't Verified!
In order to create a playlist on Sporcle, you need to verify the email address you used during registration. Go to your
Sporcle Settings
to finish the process.
Report this User
Report this user for behavior that violates our
Community Guidelines
.
Details:
Send Report
Go to the Sporcle.com Mobile Site →
Comments